Most Points For Each Day Of The 2009-10 NBA Regular Season - Statistics

General Stats
  • This quiz has been taken 20 times
  • The average score is 21 of 55
Answer Stats
Team Player Days Led % Correct
Cleveland Cavaliers LeBron James 25
100%
Los Angeles Lakers Kobe Bryant 15
88%
Dallas Mavericks Dirk Nowitzki 8
82%
Miami Heat Dwyane Wade 14
82%
Oklahoma City Thunder Kevin Durant 16
82%
Denver Nuggets Carmelo Anthony 13
76%
Toronto Raptors Chris Bosh 5
71%
New Orleans Hornets David West 4
71%
Boston Celtics Paul Pierce 2
71%
New Orleans Hornets Chris Paul 1
65%
Golden State Warriors Stephen Curry 3
65%
Orlando Magic Vince Carter 1
65%
Phoenix Suns Amar'e Stoudemire 3
59%
San Antonio Spurs Manu Ginobili 4
59%
Portland Trail Blazers Brandon Roy 5
53%
Utah Jazz Deron Williams 3
53%
Philadelphia 76ers Lou Williams 1
53%
Golden State Warriors Monta Ellis 6
53%
Cleveland Cavaliers Mo Williams 1
53%
Chicago Bulls Derrick Rose 4
47%
Atlanta Hawks Joe Johnson 3
47%
Denver Nuggets Chauncey Billups 3
41%
Indiana Pacers Danny Granger 6
41%
Washington Wizards Gilbert Arenas 1
41%
Philadelphia 76ers Andre Iguodala 1
35%
Portland Trail Blazers Andre Miller 1
35%
Milwaukee Bucks Andrew Bogut 2
35%
Utah Jazz Carlos Boozer 4
35%
New York Knicks David Lee 1
35%
Charlotte Bobcats Gerald Wallace 1
35%
New York Knicks Wilson Chandler 2
35%
Milwaukee Bucks Brandon Jennings 1
29%
Dallas Mavericks Caron Butler 1
29%
Los Angeles Clippers Craig Smith 1
29%
Atlanta Hawks Jamal Crawford 1
29%
Denver Nuggets J.R. Smith 1
29%
Washington Wizards Antawn Jamison 1
24%
Sacramento Kings, Houston Rockets Kevin Martin 2
24%
Houston Rockets Trevor Ariza 1
24%
Phoenix Suns Goran Dragic 1
18%
Houston Rockets Luis Scola 1
18%
New York Knicks Nate Robinson 1
18%
New Orleans Hornets Peja Stojaković 1
18%
Charlotte Bobcats Stephen Jackson 1
18%
Golden State Warriors Corey Maggette 1
12%
New Orleans Hornets Devin Brown 1
12%
Miami Heat Michael Beasley 1
12%
Memphis Grizzlies Rudy Gay 1
12%
Houston Rockets Aaron Brooks 2
6%
Los Angeles Clippers Al Thornton 1
6%
New Orleans Hornets Marcus Thornton 3
6%
New York Knicks Al Harrington 1
0%
Golden State Warriors C.J. Watson 1
0%
Portland Trail Blazers Jerryd Bayless 1
0%
Dallas Mavericks Rodrigue Beaubois 1
0%
No matching quizzes found
Score Distribution
Percent of People with Each Score
Percentile by Number Answered
Your Score History
You have not taken this quiz